<?xml version="1.0" encoding="UTF-8"?>
<record
    xmlns:xsi="http://www.w3.org/2001/XMLSchema-instance"
    xsi:schemaLocation="http://www.loc.gov/MARC21/slim http://www.loc.gov/standards/marcxml/schema/MARC21slim.xsd"
    xmlns="http://www.loc.gov/MARC21/slim">

  <leader>00473nam a22001577a 4500</leader>
  <controlfield tag="003">OSt</controlfield>
  <controlfield tag="005">20240716111522.0</controlfield>
  <controlfield tag="007">417 pages</controlfield>
  <controlfield tag="008">240716b        |||||||| |||| 00| 0 eng d</controlfield>
  <datafield tag="020" ind1=" " ind2=" ">
    <subfield code="a">9789391818203</subfield>
  </datafield>
  <datafield tag="040" ind1=" " ind2=" ">
    <subfield code="a">AO enterprises</subfield>
    <subfield code="c"> </subfield>
  </datafield>
  <datafield tag="082" ind1=" " ind2=" ">
    <subfield code="a">305.8009</subfield>
    <subfield code="b">MAH</subfield>
  </datafield>
  <datafield tag="245" ind1=" " ind2=" ">
    <subfield code="a">Introduction to Indian knowledge system</subfield>
    <subfield code="b">Concepts and applications</subfield>
    <subfield code="c">Mahadevan,B</subfield>
  </datafield>
  <datafield tag="260" ind1=" " ind2=" ">
    <subfield code="b">PHI</subfield>
    <subfield code="c">2024</subfield>
  </datafield>
  <datafield tag="942" ind1=" " ind2=" ">
    <subfield code="2">ddc</subfield>
    <subfield code="c">BK</subfield>
    <subfield code="h">305.8009</subfield>
    <subfield code="i">MAH</subfield>
    <subfield code="k">305.8009</subfield>
    <subfield code="m">MAH</subfield>
    <subfield code="n">0</subfield>
  </datafield>
  <datafield tag="999" ind1=" " ind2=" ">
    <subfield code="c">36062</subfield>
    <subfield code="d">36062</subfield>
  </datafield>
  <datafield tag="952" ind1=" " ind2=" ">
    <subfield code="0">0</subfield>
    <subfield code="1">0</subfield>
    <subfield code="2">ddc</subfield>
    <subfield code="4">0</subfield>
    <subfield code="7">0</subfield>
    <subfield code="8">HUMAN</subfield>
    <subfield code="a">CRCE</subfield>
    <subfield code="b">CRCE</subfield>
    <subfield code="d">2024-07-16</subfield>
    <subfield code="g">795.00</subfield>
    <subfield code="i">Invoice no.258 dt 15.07.2024</subfield>
    <subfield code="l">2</subfield>
    <subfield code="o">305.8009/MAH</subfield>
    <subfield code="p">26428</subfield>
    <subfield code="r">2026-03-05</subfield>
    <subfield code="s">2026-02-23</subfield>
    <subfield code="w">2024-07-16</subfield>
    <subfield code="y">BK</subfield>
  </datafield>
  <datafield tag="952" ind1=" " ind2=" ">
    <subfield code="0">0</subfield>
    <subfield code="1">0</subfield>
    <subfield code="2">ddc</subfield>
    <subfield code="4">0</subfield>
    <subfield code="7">0</subfield>
    <subfield code="8">HUMAN</subfield>
    <subfield code="a">CRCE</subfield>
    <subfield code="b">CRCE</subfield>
    <subfield code="d">2024-07-16</subfield>
    <subfield code="g">795.00</subfield>
    <subfield code="i">Invoice no.258 dt 15.07.2024</subfield>
    <subfield code="l">3</subfield>
    <subfield code="o">305.8009/MAH</subfield>
    <subfield code="p">26429</subfield>
    <subfield code="q">2026-06-26</subfield>
    <subfield code="r">2026-06-16</subfield>
    <subfield code="s">2026-06-16</subfield>
    <subfield code="w">2024-07-16</subfield>
    <subfield code="y">BK</subfield>
  </datafield>
  <datafield tag="952" ind1=" " ind2=" ">
    <subfield code="0">0</subfield>
    <subfield code="1">0</subfield>
    <subfield code="2">ddc</subfield>
    <subfield code="4">0</subfield>
    <subfield code="7">0</subfield>
    <subfield code="8">HUMAN</subfield>
    <subfield code="a">CRCE</subfield>
    <subfield code="b">CRCE</subfield>
    <subfield code="d">2024-07-16</subfield>
    <subfield code="g">795.00</subfield>
    <subfield code="i">Invoice no.258 dt 15.07.2024</subfield>
    <subfield code="l">4</subfield>
    <subfield code="o">305.8009/MAH</subfield>
    <subfield code="p">26430</subfield>
    <subfield code="r">2026-04-27</subfield>
    <subfield code="s">2026-04-20</subfield>
    <subfield code="w">2024-07-16</subfield>
    <subfield code="y">BK</subfield>
  </datafield>
  <datafield tag="952" ind1=" " ind2=" ">
    <subfield code="0">0</subfield>
    <subfield code="1">0</subfield>
    <subfield code="2">ddc</subfield>
    <subfield code="4">0</subfield>
    <subfield code="7">0</subfield>
    <subfield code="8">HUMAN</subfield>
    <subfield code="a">CRCE</subfield>
    <subfield code="b">CRCE</subfield>
    <subfield code="d">2024-07-16</subfield>
    <subfield code="g">795.00</subfield>
    <subfield code="i">Invoice no.258 dt 15.07.2024</subfield>
    <subfield code="l">1</subfield>
    <subfield code="o">305.8009/MAH</subfield>
    <subfield code="p">26431</subfield>
    <subfield code="r">2026-05-13</subfield>
    <subfield code="s">2026-02-25</subfield>
    <subfield code="w">2024-07-16</subfield>
    <subfield code="y">BK</subfield>
  </datafield>
  <datafield tag="952" ind1=" " ind2=" ">
    <subfield code="0">0</subfield>
    <subfield code="1">0</subfield>
    <subfield code="2">ddc</subfield>
    <subfield code="4">0</subfield>
    <subfield code="7">0</subfield>
    <subfield code="8">HUMAN</subfield>
    <subfield code="a">CRCE</subfield>
    <subfield code="b">428</subfield>
    <subfield code="d">2024-07-16</subfield>
    <subfield code="g">795.00</subfield>
    <subfield code="i">Invoice no.258 dt 15.07.2024</subfield>
    <subfield code="l">2</subfield>
    <subfield code="o">305.8009/MAH</subfield>
    <subfield code="p">26432</subfield>
    <subfield code="r">2026-03-30</subfield>
    <subfield code="s">2026-02-09</subfield>
    <subfield code="w">2024-07-16</subfield>
    <subfield code="y">BK</subfield>
  </datafield>
  <datafield tag="952" ind1=" " ind2=" ">
    <subfield code="0">0</subfield>
    <subfield code="1">0</subfield>
    <subfield code="2">ddc</subfield>
    <subfield code="4">0</subfield>
    <subfield code="7">0</subfield>
    <subfield code="8">HUMAN</subfield>
    <subfield code="a">CRCE</subfield>
    <subfield code="b">428</subfield>
    <subfield code="d">2024-07-16</subfield>
    <subfield code="g">795.00</subfield>
    <subfield code="i">Invoice no.258 dt 15.07.2024</subfield>
    <subfield code="l">2</subfield>
    <subfield code="m">1</subfield>
    <subfield code="o">305.8009/MAH</subfield>
    <subfield code="p">26433</subfield>
    <subfield code="r">2026-02-23</subfield>
    <subfield code="s">2026-02-02</subfield>
    <subfield code="w">2024-07-16</subfield>
    <subfield code="y">BK</subfield>
  </datafield>
  <datafield tag="952" ind1=" " ind2=" ">
    <subfield code="0">0</subfield>
    <subfield code="1">0</subfield>
    <subfield code="2">ddc</subfield>
    <subfield code="4">0</subfield>
    <subfield code="7">0</subfield>
    <subfield code="8">HUMAN</subfield>
    <subfield code="a">CRCE</subfield>
    <subfield code="b">428</subfield>
    <subfield code="d">2024-07-16</subfield>
    <subfield code="g">795.00</subfield>
    <subfield code="i">Invoice no.258 dt 15.07.2024</subfield>
    <subfield code="l">0</subfield>
    <subfield code="o">305.8009/MAH</subfield>
    <subfield code="p">26434</subfield>
    <subfield code="r">2025-08-11</subfield>
    <subfield code="w">2024-07-16</subfield>
    <subfield code="y">BK</subfield>
  </datafield>
  <datafield tag="952" ind1=" " ind2=" ">
    <subfield code="0">0</subfield>
    <subfield code="1">0</subfield>
    <subfield code="2">ddc</subfield>
    <subfield code="4">0</subfield>
    <subfield code="7">0</subfield>
    <subfield code="8">HUMAN</subfield>
    <subfield code="a">CRCE</subfield>
    <subfield code="b">CRCE</subfield>
    <subfield code="d">2024-07-16</subfield>
    <subfield code="g">795.00</subfield>
    <subfield code="i">Invoice no.258 dt 15.07.2024</subfield>
    <subfield code="l">0</subfield>
    <subfield code="o">305.8009/MAH</subfield>
    <subfield code="p">26435</subfield>
    <subfield code="r">2024-07-16</subfield>
    <subfield code="w">2024-07-16</subfield>
    <subfield code="y">BK</subfield>
  </datafield>
  <datafield tag="952" ind1=" " ind2=" ">
    <subfield code="0">0</subfield>
    <subfield code="1">0</subfield>
    <subfield code="2">ddc</subfield>
    <subfield code="4">0</subfield>
    <subfield code="7">0</subfield>
    <subfield code="8">HUMAN</subfield>
    <subfield code="a">CRCE</subfield>
    <subfield code="b">CRCE</subfield>
    <subfield code="d">2024-07-16</subfield>
    <subfield code="g">795.00</subfield>
    <subfield code="i">Invoice no.258 dt 15.07.2024</subfield>
    <subfield code="l">1</subfield>
    <subfield code="o">305.8009/MAH</subfield>
    <subfield code="p">26436</subfield>
    <subfield code="q">2025-01-23</subfield>
    <subfield code="r">2024-10-25</subfield>
    <subfield code="s">2024-10-25</subfield>
    <subfield code="w">2024-07-16</subfield>
    <subfield code="y">BK</subfield>
  </datafield>
  <datafield tag="952" ind1=" " ind2=" ">
    <subfield code="0">0</subfield>
    <subfield code="1">0</subfield>
    <subfield code="2">ddc</subfield>
    <subfield code="4">0</subfield>
    <subfield code="7">0</subfield>
    <subfield code="8">HUMAN</subfield>
    <subfield code="a">CRCE</subfield>
    <subfield code="b">428</subfield>
    <subfield code="d">2024-07-16</subfield>
    <subfield code="g">795.00</subfield>
    <subfield code="i">Invoice no.258 dt 15.07.2024</subfield>
    <subfield code="l">2</subfield>
    <subfield code="m">1</subfield>
    <subfield code="o">305.8009/MAH</subfield>
    <subfield code="p">26437</subfield>
    <subfield code="r">2025-07-24</subfield>
    <subfield code="s">2025-07-03</subfield>
    <subfield code="w">2024-07-16</subfield>
    <subfield code="y">BK</subfield>
  </datafield>
</record>
